| 000 | 00834nam a22002537a 4500 | ||
|---|---|---|---|
| 999 |
_c8622 _d8622 |
||
| 003 | AR-CdUCM | ||
| 008 | 190325b ||||| |||| 00| 0 eng d | ||
| 020 | _a9781847493019 | ||
| 040 |
_aMUNICIPALIDAD PROVINCIAL DEL CUSCO _cBIBLIOTECA MUNICIPAL DEL CUSCO |
||
| 041 | _hrus | ||
| 082 |
_a891.732 / _bD93D |
||
| 100 |
_aDostoevshky, Fyodor _924119 |
||
| 245 | _aThe double / | ||
| 260 |
_aGran Bretaña : _bAlma Classics, _c2012. |
||
| 300 |
_aXIII, 208 páginas ; _bfotografías ; _c20 cm. |
||
| 505 | _aContenido: The double -- Biografía de Fyodor Dostoevsky. | ||
| 650 |
_aLiteratura rusa _99773 |
||
| 650 |
_aautores rusos _917993 |
||
| 650 |
_aNovela rusa - Traducción (ingles) _924120 |
||
| 650 |
_aDostoevsky - Novelas _924121 |
||
| 700 |
_aAplin, Hugh (Traductor) _924122 |
||
| 942 |
_2ddc _cLIBROS |
||
| 945 | _alccs | ||